<?xml version="1.0" encoding="UTF-8"?>
<record
    xmlns:xsi="http://www.w3.org/2001/XMLSchema-instance"
    xsi:schemaLocation="http://www.loc.gov/MARC21/slim http://www.loc.gov/standards/marcxml/schema/MARC21slim.xsd"
    xmlns="http://www.loc.gov/MARC21/slim">

  <leader>00984nam a2200217   4500</leader>
  <controlfield tag="001"> 85492</controlfield>
  <controlfield tag="003">BD-RjUL</controlfield>
  <controlfield tag="005">20250810120053.0</controlfield>
  <controlfield tag="008">250810s1961    pk ||||| |||| 00| 0 urd d</controlfield>
  <datafield tag="035" ind1=" " ind2=" ">
    <subfield code="a">(BD-RjUL) 85492</subfield>
  </datafield>
  <datafield tag="040" ind1=" " ind2=" ">
    <subfield code="a">BD-RjUL</subfield>
    <subfield code="b">eng</subfield>
    <subfield code="c">BD-RjUL</subfield>
  </datafield>
  <datafield tag="041" ind1=" " ind2=" ">
    <subfield code="a">urd</subfield>
  </datafield>
  <datafield tag="082" ind1=" " ind2=" ">
    <subfield code="2">23</subfield>
    <subfield code="a">891.43909</subfield>
    <subfield code="b">ADR 1961</subfield>
  </datafield>
  <datafield tag="100" ind1=" " ind2=" ">
    <subfield code="a">&#x62D;&#x633;&#x64A;&#x646;&#x60C; &#x633;&#x64A;&#x62F; &#x644;&#x637;&#x64A;&#x641; ;; Ad&#x12B;b., Sayy&#x12B;d La&#x1E6D;&#x12B;f. &#x1E24;usain</subfield>
    <subfield code="9">16542</subfield>
  </datafield>
  <datafield tag="245" ind1="1" ind2="0">
    <subfield code="a">&#x631;&#x62A;&#x646; &#x646;&#x627;&#x62A;&#x6BE; &#x633;&#x631;&#x634;&#x627;&#x631; &#x6A9;&#x649; &#x646;&#x627;&#x648;&#x644; &#x646;&#x6AF;&#x627;&#x631;&#x649; / Ratan N&#x101;th Sarsh&#x101;r k&#x12B; n&#x101;vil nig&#x101;r&#x12B; /</subfield>
    <subfield code="c">&#x633;&#x64A;&#x62F; &#x644;&#x637;&#x64A;&#x641; &#x62D;&#x633;&#x64A;&#x646; &#x627;&#x62F;&#x64A;&#x628;., . / Sayyid Lat&#x324;&#x12B;f &#x1E24;usain Ad&#x12B;b.,</subfield>
  </datafield>
  <datafield tag="260" ind1=" " ind2=" ">
    <subfield code="a">Kar&#x101;c&#x12B;:</subfield>
    <subfield code="b">&#x6A9;&#x644; &#x67E;&#x627;&#x6A9;&#x633;&#x62A;&#x627;&#x646; &#x627;&#x646;&#x62C;&#x645;&#x646; &#x62A;&#x631;&#x642;&#x626; &#x671;&#x631;&#x62F;&#x648;&#x60C; Kul P&#x101;kist&#x101;n Anjuman Taraqq&#x12B;-yi Urd&#x16B;</subfield>
    <subfield code="c"> 1961</subfield>
  </datafield>
  <datafield tag="490" ind1=" " ind2=" ">
    <subfield code="a">Silsilah-yi mat&#x324;b&#x16B;&#x2BB;&#x101;t Anjuman Taraqq&#x12B;-yi Urd&#x16B;;</subfield>
    <subfield code="v">nambar 295</subfield>
  </datafield>
  <datafield tag="600" ind1=" " ind2=" ">
    <subfield code="a">Sarsh&#x101;r, Ratan</subfield>
    <subfield code="d"> 1846-1902</subfield>
    <subfield code="x"> Criticism and interpretation</subfield>
    <subfield code="9">16543</subfield>
  </datafield>
  <datafield tag="830" ind1=" " ind2=" ">
    <subfield code="a">Silsilah-yi mat&#x324;b&#x16B;&#x2BB;&#x101;t Anjuman Taraqq&#x12B;-yi Urd&#x16B;, ;</subfield>
    <subfield code="v">nambar 295</subfield>
    <subfield code="9">16544</subfield>
  </datafield>
  <datafield tag="942" ind1=" " ind2=" ">
    <subfield code="2">ddc</subfield>
    <subfield code="c">BK</subfield>
  </datafield>
  <datafield tag="999" ind1=" " ind2=" ">
    <subfield code="c">85492</subfield>
    <subfield code="d">85492</subfield>
  </datafield>
  <datafield tag="952" ind1=" " ind2=" ">
    <subfield code="0">0</subfield>
    <subfield code="1">0</subfield>
    <subfield code="2">ddc</subfield>
    <subfield code="4">0</subfield>
    <subfield code="7">1</subfield>
    <subfield code="8">NFIC</subfield>
    <subfield code="a">RUCL</subfield>
    <subfield code="b">RUCL</subfield>
    <subfield code="c">Reading</subfield>
    <subfield code="d">1971-12-03</subfield>
    <subfield code="e">feroz &amp; sons</subfield>
    <subfield code="g">6.50</subfield>
    <subfield code="l">0</subfield>
    <subfield code="o">U 891.43909 ADR 1961</subfield>
    <subfield code="r">2025-08-10 00:00:00</subfield>
    <subfield code="t">C-1</subfield>
    <subfield code="w">2025-08-10</subfield>
    <subfield code="y">BK</subfield>
  </datafield>
</record>
